| 000 | 00357nam a2200133Ia 4500 | ||
|---|---|---|---|
| 008 | 240624s9999 xx 000 0 und d | ||
| 041 | _aeng | ||
| 082 | _a658.0555 SVO | ||
| 100 | _aSVOLBA GERHARD | ||
| 245 | _aAPPLYING DATA SCIENCE BUSINESS CASE STUDIES USING SAS | ||
| 260 |
_c2017 _aUSA _bSAS Institute |
||
| 300 | _axxxii, 456 p.; 27 cm. | ||
| 365 | _cRS | ||
| 999 |
_c31916 _d31916 |
||